[Event "Fortaleza Monte Cup"]
[Site "Fortaleza"]
[Date "2017.04.23"]
[Round "6"]
[White "Andrade Dos Santos, Inacio Eduardo"]
[Black "Silva, Caio Marques"]
[Result "1-0"]
[WhiteElo "1828"]
[BlackElo "1810"]
[PlyCount "54"]
[EventDate "2017.04.21"]
[EventType "swiss"]
[EventRounds "6"]
[EventCountry "BRA"]
[SourceTitle "CBM 178 Extra"]
[Source "ChessBase"]
[SourceDate "2017.06.22"]
[SourceVersion "1"]
[SourceVersionDate "2017.06.22"]
[SourceQuality "1"]

1. e4 c5 2. Nc3 Nc6 3. Nf3 g6 4. Bb5 Bg7 5. 0-0 a6 6. Bxc6 bxc6 7. e5 Nh6 8. Qe2 Nf5 9. Qc4 0-0 10. Qxc5 Qc7 11. d4 d6 12. exd6 exd6 13. Qc4 a5 14. Re1 Ba6 15. Qa4 Rab8 16. Qa3 Nxd4 17. Nxd4 Bxd4 18. Bf4 Bc5 19. Qxc5 dxc5 20. Bxc7 Rxb2 21. Rac1 a4 22. h3 Bc4 23. Nxa4 Rxa2 24. Nxc5 Rc8 25. Re7 Ra7 26. Bd6 Rxe7 27. Bxe7 Re8 1-0